| 000 | 01469nam a2200313 i 4500 | ||
|---|---|---|---|
| 001 | 190409 | ||
| 003 | ES-MaACL | ||
| 005 | 20250804230324.0 | ||
| 008 | 210311s2018 ru af 001 0 spa d | ||
| 020 | _a978-5-91674-528-3 | ||
| 080 | _a327(470:460)"17/20" | ||
| 080 | _a327(460:470)"17/20" | ||
| 245 | 0 | 0 |
_aIspaniâ i Rossiâ : diplomatiâ i dialog kulʹtur : tri stoletiâ otnoenij = _bEspaña y Rusia : diplomacia y diálogo de culturas : tres siglos de relaciones / _c[Olga Volosyuk (dir.)]. |
| 246 | 3 |
_aEspaña y Rusia : diplomacia y diálogo de culturas : _btres siglos de relaciones |
|
| 260 |
_aMoskva = Moscú : _bIndrik, _c2018. |
||
| 300 |
_a926 p., [16] p. de lám. col. : _bil. ; _c24 cm. |
||
| 500 | _aÍndice. | ||
| 504 | _aBibliografía: p. 879-904. | ||
| 546 | _aTexto en ruso y español. | ||
| 594 | _aPrecede al tít. en español: Universidad Nacional de Investigación "Escuela Superior de Economía" | ||
| 596 | _aEn verso de port.: AECID [Agencia Española de Cooperación Internacional para el Desarrollo] | ||
| 651 | 4 |
_aEspaña- _xRelaciones- _zRusia. _9170136 |
|
| 651 | 4 |
_aRusia- _xRelaciones- _zEspaña. _9170137 |
|
| 710 | 2 |
_aAgencia Española de Cooperación Internacional para el Desarrollo _9152192 |
|
| 852 |
_aES-MaACL _jA-14610 _9197586 _bR.152553 _cDEPO1 _dOlim: N-7610 _xEncuadernación en cartoné |
||
| 942 |
_2udc _cMONOGRAFIA |
||
| 999 |
_c190409 _d190409 |
||